000
00317nam a2200133Ia 4500
008
200103s9999||||xx |||||||||||||| ||und||
040
_a
IMU-MPC
082
_a
Column-11
100
_a
Khurmi, R. S
245
0
_a
Fundamentals of Engineering Geology
260
_b
Dhanpat Rai & Sons
_c
1992
300
_a
252
942
_c
BK
999
_c
4553
_d
4553